书目信息 |
| 题名: |
扫除文盲的教学工作
|
|
| 作者: | ;新知识出版社 编辑 | |
| 分册: | ||
| 出版信息: | 上海 新知识出版社 1956 |
|
| 页数: | 54页 | |
| 开本: | 19cm | |
| 丛书名: | ||
| 单 册: | ||
| 中图分类: | G725.81 | |
| 科图分类: | ||
| 主题词: | 乡村教育--扫盲--工作经验 | |
| 电子资源: | ||
| ISBN: | 7076.113 | |
| 000 | 00705cam0 2200241 450 | |
| 001 | 0105410596 | |
| 005 | 20061201160426.0 | |
| 010 | @a7076.113@dCNY0.19 | |
| 091 | @a7076.113@dCNY0.19 | |
| 100 | @a19970721d1956 em y0chiy0110 ea | |
| 101 | 0 | @achi |
| 102 | @aCN@b310000 | |
| 105 | @ay z 000yy | |
| 106 | @ar | |
| 200 | 1 | @a扫除文盲的教学工作@9Sao Chu Wen Mang De;Di Jiao Xue Gong Zuo @f新知识出版社编辑@b专著 |
| 210 | @a上海@c新知识出版社@d1956 | |
| 215 | @a54页@d19cm | |
| 300 | @a扫除文盲初步经验之三 | |
| 606 | 0 | @a乡村教育@x扫盲@x工作经验 |
| 690 | @aG725.81@v3 | |
| 711 | 02 | @a新知识出版社@9xin zhi shi chu ban she@4编辑 |
| 801 | 0 | @aCN@bAiZhiMarc |
| 905 | @aBZT@dG725.81@e1@f1@sG725.81/1 | |
| 扫除文盲的教学工作/新知识出版社编辑.-上海:新知识出版社,1956 |
| 54页;19cm |
| 扫除文盲初步经验之三 |
| ISBN 7076.113:CNY0.19 |
| ● |
| 相关链接 |
|
|
|
正题名:扫除文盲的教学工作
索取号:G725.81/1
 
预约/预借
| 序号 | 登录号 | 条形码 | 馆藏地/架位号 | 状态 | 备注 |
| 1 | 2000083255 | 2000083255 | 旧书回溯/ [索取号:G725.81/1] | 在馆 |